000 00727 a2200193 4500
003 NUST
005 20221205140514.0
040 _cNust
082 _a070.194,SHE
100 _aSheikh,Mughees-ud-Din
_93166
245 _aABC of Radio journalism /
_cMughees-Ud-Din Sheikh
260 _aLahore
_bIlmi Kitab
_c2008
300 _a80,p.:
505 _aBroadcasting History (Page-10), Journalism Goes On The Air (Page-15), Radio Writing (Page-25), Radio Bulletins (Page-31), Scripting Newscast (Page-43), PBC & Its News Presentation (Page-57), The Interview (Page-71).
538 _aAlmirah No.47 Shelf No.1
600 _aMughees-Ud-Din Sheikh
_93167
650 _aABC Of Radio Journalism
_93168
942 _2ddc
_cBK
_k070.194,SHE
999 _c178950
_d178950